000 01427nam a2200349 i 4500
003 EG-GICUC
005 20260121163829.0
008 260121s1978 ua ad||f |||| 00| 0 ara d
040 _a EG-GICUC
_bara
_c EG-GICUC
_d EG-GICUC
_erda
041 _aara
082 0 4 _221
_a345.4391
_bس ا . ع
092 0 4 _221
099 _aLaw1 07 345.4391 س ا . ع 1978
100 0 _aساطع رسلان
_eمترجم.
245 1 0 _aعوائق تدريب وتنمية العاملين بشكل فعال /
_cترجمة وعرض ساطع رسلان .
246 _aDisincentives to Effective Employee Training and Development
264 1 _aالقاهرة :
_bالمنظمة العربية للعلوم الإدارية ،
_c1978 .
300 _a135 ؛ صفحة
_c24 سم
_bإيضاحيات، جداول ؛
336 _2rda content
_atext
337 _2rda media
_aComputer
338 _2rda carrier
_aOnline Resource
490 _aسلسلة الفكر الإداري المعاصر
_v37
504 _aيشتمل على ببليوجرافيا
504 _aيشتمل على إرجاعات ببليوجرافية
650 1 4 _aتصحيح أوضاع العاملين
_2qrmak
650 1 4 _aالقانون الإداري
_2qrmak
651 1 _2qrmak
830 _aسلسلة الفكر الإداري المعاصر
_v37
856 4 0 _uhttps://fll.law.cu.edu.eg/fulltext/bks/B07-00125.pdf
905 _a61
942 _2ddc
_cBK
_e21
_n0
999 _c58506
_d58506